000 01052nam a2200181Ia 4500
008 100122s9999 xx 000 0 und d
082 _b23576
_a915.1
100 _aBURCHETT
245 _aCHINA : THE QUALITY OF LIFE ( पु.वाचत नसल्याने रॅक मधून बाहेर )
260 _bPENGUIN BOOKS
_c1976
300 _a312
520 _aगेली दहा वर्ष पुस्तक वाचले गेले नसल्याने रॅक मधून काढण्यात आले आहे.
620 _aगेली दहा वर्ष पुस्तक वाचले गेले नसल्याने रॅक मधून काढण्यात आले आहे.
630 _aCHINA : THE QUALITY OF LIFE ( पु.वाचत नसल्याने रॅक मधून बाहेर )
700 _aALLEY REWI
730 _aCHINA : THE QUALITY OF LIFE ( पु.वाचत नसल्याने रॅक मधून बाहेर )
942 _cBOOK
999 _c367210
_d367207